000 00955nam a2200301Ia 4500
001 92081
003 IT-RoPAU
008 130308s9999 xx 000 0 und d
040 _aIT-RoPAU
040 _cIT-RoPAU
041 _aFRANCESE
100 _aRichaudeau Francois
100 _gCodice Aut. SPICS: 2061
245 _aHuit facteurs de lisibilitè typographique (Les)
245 _bRecherches Actuelles Sur la Lisibilite'
250 _a1a ed.
260 _aPARIS
260 _bRetz
260 _c1984 [1° Ed.:1984 - Ed.Ling.Originale:1984]
300 _a"10 p. (prefazione: no ; testo: 10 [pagine: 8-17])"
500 _aOtto Fattori di Leggibilità tipografica Dimensioni dei Caratteri Disegno dei Caratteri Stile dei Caratteri spazi tra le Parole linee e Lro Spaziatura Inchiostro e Carta
650 _aSAGGI DI LINGUISTICA
650 _eCodice materia Spics: 3207
942 _cBK
957 _71
999 _c39993
_d39993
999 _bSI
999 _g1